ਬਾਣੀ ਰਹੱਸ (Record no. 376858)

MARC details
000 -LEADER
fixed length control field 00871nam a2200253Ia 4500
003 - CONTROL NUMBER IDENTIFIER
control field OSt
005 - DATE AND TIME OF LATEST TRANSACTION
control field 20220923225228.0
008 - FIXED-LENGTH DATA ELEMENTS--GENERAL INFORMATION
fixed length control field 220922b |||||||| |||| 00| 0 pan d
037 ## - SOURCE OF ACQUISITION
Terms of availability Textual
040 ## - CATALOGING SOURCE
Original cataloging agency ARTS
Transcribing agency ARTS
Language of cataloging pan
041 ## - LANGUAGE CODE
Source of code pan
Language code of text/sound track or separate title pan
100 ## - MAIN ENTRY--PERSONAL NAME
Personal name ਕਾਂਗ, ਜਸਪਾਲ ਕੌਰ, ਥਦ.
245 #0 - TITLE STATEMENT
Title ਬਾਣੀ ਰਹੱਸ
260 ## - PUBLICATION, DISTRIBUTION, ETC.
Place of publication, distribution, etc. ਅੰਮ੍ਰਿਤਸਰ
Name of publisher, distributor, etc. ਨਾਨਕ ਸਿੰਘ ਪੁਸਤਕਮਾਲਾ ਪ੍ਰ0
Date of publication, distribution, etc. 2010
300 ## - PHYSICAL DESCRIPTION
Extent 112ਪੰ
Dimensions cm.
650 ## - SUBJECT ADDED ENTRY--TOPICAL TERM
Topical term or geographic name entry element ਧOਰੁ Fਸੱਢ
942 ## - ADDED ENTRY ELEMENTS (KOHA)
Classification part Q8441x1J63:g, 153Q0
Koha item type Textual
Source of classification or shelving scheme Colon Classification (CC)
Holdings
Withdrawn status Lost status Damaged status Not for loan Home library Current library Date acquired Source of acquisition Cost, normal purchase price Total Checkouts Full call number Barcode Date last seen Cost, replacement price Price effective from Koha item type
        Arts Library Arts Library 2022-09-23 651, 22/03/2012, H.K. Prakashan 150.00   Q8441x1J63:g 153Q0 AL1486850 2022-09-23 150.00 2022-09-23 Textual
Copyright @ Delhi University Library System